000 00510nam a2200181Ia 4500
001 3479
005 20260306145646.0
008 260306t2011||||xx |||||||||||||| ||spa||
041 _aESP
082 _a279.85092
_bE88
100 _aEspinoza de la Borda, Álvaro M.
_eAUT
245 0 _aIn te, domine speravi:
_bmonseñor Leonardo José Rodríguez Ballón y la Arquidiócesis de Arequipa
260 _c2011
300 _a314 páginas :
_c24 cm.
650 _aGEN
654 _aCHU
942 _cLIB
_dJUS
_fJUS
_2ddc
_n
999 _c3479
_d3479